[Event "HUN-chT2 Breyer 1213"]
[Site "Hungary"]
[Date "2013.04.21"]
[Round "11.8"]
[White "Lakatos, Peter"]
[Black "Lukacs, Daniel"]
[Result "0-1"]
[WhiteElo "1834"]
[BlackElo "2056"]
[PlyCount "72"]
[EventDate "2012.09.16"]
[EventType "team-tourn"]
[EventRounds "11"]
[EventCountry "HUN"]
[SourceTitle "EXT 2014"]
[Source "ChessBase"]
[SourceDate "2013.11.20"]
[SourceVersion "1"]
[SourceVersionDate "2013.11.20"]
[SourceQuality "1"]
[WhiteTeam "Torokbalint"]
[BlackTeam "Husi"]
[WhiteTeamCountry "HUN"]
[BlackTeamCountry "HUN"]

1. e4 c5 2. Nf3 d6 3. d4 cxd4 4. Nxd4 Nf6 5. Nc3 a6 6. f3 e5 7. Nb3 Be6 8. Be3 Be7 9. Qd2 0-0 10. 0-0-0 b5 11. a3 Nbd7 12. g4 Nb6 13. Qf2 Nfd7 14. h4 Nc4 15. Bxc4 bxc4 16. Na1 Rb8 17. Nd5 Bxd5 18. Rxd5 Nf6 19. Rdd1 c3 20. bxc3 Qa5 21. Rd3 Qxa3+ 22. Kd2 Qa2 23. h5 Rb5 24. g5 Nd7 25. Rd1 a5 26. f4 exf4 27. Bxf4 Nc5 28. Rd4 Ne6 29. h6 Nxf4 30. hxg7 Rd8 31. c4 Bxg5 32. Ke1 Re5 33. Nb3 Ne6 34. Kf1 Nxd4 35. Nxd4 Qxc4+ 36. Ne2 Rxe4 0-1

[Event "Budapest-chT1 Lilienthal 1112"]
[Site "Budapest"]
[Date "2012.02.05"]
[Round "7"]
[White "Lukacs, Daniel"]
[Black "Tornai, Imre"]
[Result "0-1"]
[WhiteElo "2057"]
[BlackElo "2223"]
[PlyCount "128"]
[EventDate "2011.10.02"]
[EventType "team-tourn"]
[EventRounds "11"]
[EventCountry "HUN"]
[SourceTitle "EXT 2020"]
[Source "ChessBase"]
[SourceDate "2019.10.17"]
[SourceVersion "1"]
[SourceVersionDate "2019.10.17"]
[SourceQuality "1"]
[WhiteTeam "Budapest HUSI II"]
[BlackTeam "Budapest Ujpest KSE"]
[WhiteTeamCountry "HUN"]
[BlackTeamCountry "HUN"]

1. d4 Nf6 2. c4 g6 3. Nc3 Bg7 4. e4 d6 5. Bd3 Nc6 6. Nge2 e5 7. d5 Ne7 8. 0-0 0-0 9. Ng3 c6 10. Bc2 cxd5 11. cxd5 a6 12. a4 Bd7 13. a5 b6 14. axb6 Qxb6 15. Na4 Qb7 16. h3 Bb5 17. Bd3 Nd7 18. Ra3 Bxa4 19. Rxa4 Nc5 20. Ra3 Rfb8 21. Bc2 Nc8 22. h4 Na7 23. Be3 Qxb2 24. Bxc5 dxc5 25. Rxa6 Nb5 26. Rxa8 Rxa8 27. Qb1 Ra2 28. Qxb2 Rxb2 29. Rb1 Rxb1+ 30. Bxb1 Na3 31. Ba2 Kf8 32. Kf1 Nb5 33. Ne2 Bf6 34. g3 Bd8 35. Ke1 f5 36. Kd2 Ke7 37. Kd3 Nd6 38. f3 Kd7 39. Bb3 Ba5 40. Ba2 Be1 41. Bb3 Kc7 42. Ke3 c4 43. Bc2 Kb6 44. h5 Bxg3 45. Nxg3 f4+ 46. Kf2 fxg3+ 47. Kxg3 gxh5 48. Kh4 Kc5 49. Kxh5 Nb5 50. Kg5 Nd4 51. Bd1 c3 52. f4 h6+ 53. Kg4 h5+ 54. Kg5 h4 55. f5 h3 56. f6 h2 57. f7 h1Q 58. f8Q+ Kc4 59. Qc8+ Kd3 60. d6 Qxd1 61. d7 c2 62. Qa6+ Kxe4 63. Qg6+ Ke3 64. d8Q Nf3+ 0-1

[Event "Budapest-chT1 Lilienthal 1112"]
[Site "Budapest"]
[Date "2011.11.20"]
[Round "3"]
[White "Ress, Tamas"]
[Black "Lukacs, Daniel"]
[Result "1-0"]
[WhiteElo "2310"]
[BlackElo "2057"]
[PlyCount "71"]
[EventDate "2011.10.02"]
[EventType "team-tourn"]
[EventRounds "11"]
[EventCountry "HUN"]
[SourceTitle "EXT 2020"]
[Source "ChessBase"]
[SourceDate "2019.10.17"]
[SourceVersion "1"]
[SourceVersionDate "2019.10.17"]
[SourceQuality "1"]
[WhiteTeam "Hid Unio"]
[BlackTeam "Budapest HUSI II"]
[WhiteTeamCountry "HUN"]
[BlackTeamCountry "HUN"]

1. Nf3 Nf6 2. g3 b6 3. d4 Bb7 4. c4 e6 5. Bg2 Be7 6. 0-0 c5 7. Nc3 cxd4 8. Nb5 a6 9. Nbxd4 0-0 10. b3 Qc7 11. Bb2 d6 12. Rc1 Nbd7 13. Qc2 Rfd8 14. Qb1 Rac8 15. Rfd1 Qb8 16. Bh3 Nf8 17. Ba3 Be4 18. Qa1 h6 19. b4 b5 20. cxb5 axb5 21. Bb2 Bd5 22. a4 bxa4 23. Qxa4 Qa8 24. Qxa8 Bxa8 25. b5 g5 26. Nc6 Bxc6 27. bxc6 Ne8 28. Bd4 Nc7 29. Bb6 Re8 30. e4 Ng6 31. Bf1 Na8 32. Ba5 Bd8 33. Bb4 Bc7 34. Ba6 Rcd8 35. Bb7 Nb6 36. Nd4 1-0

[Event "HUN-chT2 Breyer 1112"]
[Site "Hungary"]
[Date "2011.11.13"]
[Round "3.6"]
[White "Lukacs, Daniel"]
[Black "Vass, Lajos"]
[Result "1/2-1/2"]
[WhiteElo "2057"]
[BlackElo "2124"]
[PlyCount "118"]
[EventDate "2011.09.25"]
[EventType "team-tourn"]
[EventRounds "11"]
[EventCountry "HUN"]
[SourceTitle "EXT 2013"]
[Source "ChessBase"]
[SourceDate "2012.11.22"]
[SourceVersion "1"]
[SourceVersionDate "2012.11.22"]
[SourceQuality "1"]
[WhiteTeam "Husi"]
[BlackTeam "BEAC II"]
[WhiteTeamCountry "HUN"]
[BlackTeamCountry "HUN"]

1. d4 Nf6 2. Nf3 g6 3. g3 Bg7 4. Bg2 0-0 5. 0-0 c5 6. d5 b5 7. c4 Bb7 8. Nfd2 d6 9. Nc3 b4 10. Nce4 Nxe4 11. Nxe4 Nd7 12. Qc2 a5 13. a4 Nb6 14. Rb1 Qc7 15. b3 h6 16. Bb2 Bxb2 17. Qxb2 f5 18. Nd2 e5 19. dxe6 Bxg2 20. Kxg2 Rae8 21. Nf3 Rxe6 22. Rbd1 Rfe8 23. Rd2 Qe7 24. Rfd1 Nc8 25. Kf1 Kf7 26. Qc2 Qb7 27. h4 Qe4 28. Qd3 Nb6 29. Qxe4 fxe4 30. Nh2 d5 31. cxd5 Rd6 32. Ng4 c4 33. bxc4 Nxc4 34. Rc2 Nb6 35. Rc7+ Nd7 36. Nxh6+ Kf8 37. Ra7 Rb8 38. Rxa5 Nf6 39. f3 b3 40. Ng4 Rxd5 41. Raxd5 Nxd5 42. Rxd5 b2 43. Rd1 b1Q 44. Rxb1 Rxb1+ 45. Kf2 exf3 46. exf3 Ra1 47. Ne5 Kg7 48. g4 Rxa4 49. Kg3 Kf6 50. Nd3 Rc4 51. Nf2 Ra4 52. Ne4+ Ke5 53. Ng5 Ra3 54. Nh3 Rb3 55. Nf4 Kf6 56. Ne2 Ke5 57. g5 Rb4 58. Ng1 Kf5 59. Nh3 Rb1 1/2-1/2

[Event "HUN-chT2 Charousek 1011"]
[Site "Hungary"]
[Date "2010.11.07"]
[Round "5"]
[White "Lukacs, Daniel"]
[Black "Nemeth, Denes"]
[Result "1/2-1/2"]
[WhiteElo "2013"]
[BlackElo "2153"]
[PlyCount "111"]
[EventDate "2010.09.12"]
[EventType "team-tourn"]
[EventRounds "11"]
[EventCountry "HUN"]
[SourceTitle "EXT 2012"]
[Source "ChessBase"]
[SourceDate "2011.11.24"]
[SourceVersion "1"]
[SourceVersionDate "2011.11.24"]
[SourceQuality "1"]
[WhiteTeam "Husi"]
[BlackTeam "Haladas II"]
[WhiteTeamCountry "HUN"]
[BlackTeamCountry "HUN"]

1. Nf3 Nf6 2. c4 e6 3. Nc3 d5 4. cxd5 exd5 5. d4 Be7 6. Bf4 c6 7. Qc2 0-0 8. e3 h6 9. Bd3 Be6 10. h3 Nbd7 11. 0-0 Ne8 12. Rfb1 Bd6 13. Ne2 Ndf6 14. b4 Rc8 15. Bxd6 Nxd6 16. Ne5 Nd7 17. Nxd7 Qxd7 18. Nf4 f5 19. Ng6 Rf6 20. Ne5 Qe7 21. f4 Nf7 22. Qf2 Nxe5 23. fxe5 Rf7 24. a3 Rcf8 25. Rf1 g5 26. Kh2 f4 27. Be2 Rg7 28. g3 f3 29. Bd3 h5 30. Rg1 Qd7 31. Bf1 Bf5 32. Ra2 Qe6 33. Qe1 Be4 34. Rf2 Qf5 35. Qd2 b6 36. Qc3 Rc7 37. Rh1 c5 38. bxc5 bxc5 39. dxc5 Rfc8 40. Ba6 Rb8 41. Rd1 Rc6 42. Bd3 Rbc8 43. Bxe4 Qxe4 44. e6 Rxe6 45. Qd4 Re5 46. a4 g4 47. a5 Rb8 48. c6 a6 49. Qxe4 dxe4 50. c7 Rf8 51. Rc2 Ree8 52. Rc5 Rc8 53. Rd7 f2 54. Rg5+ Kh8 55. Rxh5+ Kg8 56. Rg5+ 1/2-1/2

[Event "HUN-chT2 Erkel 0910"]
[Site "Hungary"]
[Date "2010.01.31"]
[Round "5.11"]
[White "Lukacs, Daniel"]
[Black "Kovacs, Istvan"]
[Result "1-0"]
[WhiteElo "2009"]
[BlackElo "1826"]
[PlyCount "64"]
[EventDate "2009.11.08"]
[EventType "team-tourn"]
[EventRounds "11"]
[EventCountry "HUN"]
[SourceTitle "EXT 2011"]
[Source "ChessBase"]
[SourceDate "2010.11.26"]
[SourceVersion "1"]
[SourceVersionDate "2010.11.26"]
[SourceQuality "1"]
[WhiteTeam "Husi"]
[BlackTeam "Ujszasz"]
[WhiteTeamCountry "HUN"]
[BlackTeamCountry "HUN"]

1. d4 c5 2. d5 g6 3. e4 d6 4. Nc3 Bg7 5. h3 a6 6. a4 b6 7. Nf3 Nd7 8. Bf4 Ngf6 9. Nd2 Bb7 10. Nc4 0-0 11. Be2 Ne8 12. 0-0 Nc7 13. Na3 Re8 14. Bg3 Bd4 15. Kh2 Nf6 16. Qd3 e6 17. Nc4 exd5 18. Nxd6 dxe4 19. Qd1 Bc6 20. Nxe8 Ncxe8 21. Bf4 Qe7 22. Qc1 Rd8 23. Bxa6 Nh5 24. Be3 Be5+ 25. Kg1 f5 26. Ne2 Qg7 27. c3 Nc7 28. Bc4+ Kh8 29. Nf4 Nf6 30. Rd1 Rxd1+ 31. Qxd1 Bxf4 32. Bxf4 Nfd5 1-0

[Event "HUN-chT2 Maroczy 0809"]
[Site "Hungary"]
[Date "2009.04.05"]
[Round "10"]
[White "Lukacs, Daniel"]
[Black "Bartos, Tamas"]
[Result "0-1"]
[WhiteElo "2101"]
[BlackElo "2129"]
[PlyCount "68"]
[EventDate "2008.10.26"]
[EventType "team-tourn"]
[EventRounds "11"]
[EventCountry "HUN"]
[SourceTitle "EXT 2010"]
[Source "ChessBase"]
[SourceDate "2010.11.25"]
[SourceVersion "1"]
[SourceVersionDate "2010.11.25"]
[SourceQuality "1"]
[WhiteTeam "Husi"]
[BlackTeam "Maroczy"]
[WhiteTeamCountry "HUN"]
[BlackTeamCountry "HUN"]

1. d4 d5 2. c4 e6 3. Nc3 Be7 4. Nf3 Nf6 5. Bg5 0-0 6. e3 h6 7. Bh4 b6 8. cxd5 exd5 9. Ne5 Bb7 10. Be2 Nbd7 11. 0-0 Nxe5 12. dxe5 Ne4 13. Bxe7 Qxe7 14. Nxd5 Qxe5 15. Nf4 Qxb2 16. Nd3 Qf6 17. Qc2 c5 18. f4 Rad8 19. Bf3 Nd6 20. Bxb7 Nxb7 21. Ne5 Na5 22. Rad1 Qe6 23. Rxd8 Rxd8 24. Rd1 Rxd1+ 25. Qxd1 Nc6 26. Nxc6 Qxc6 27. Qd8+ Kh7 28. Qd3+ Qg6 29. e4 Qe6 30. a4 c4 31. Qd4 c3 32. e5 c2 33. Qd3+ Qg6 34. Qd2 Qc6 0-1

[Event "Talentum Cup"]
[Site "Balatonfoldvar"]
[Date "2008.08.25"]
[Round "5"]
[White "Lukacs, Daniel"]
[Black "Erdelyi, Zombor"]
[Result "0-1"]
[WhiteElo "2115"]
[BlackElo "2365"]
[PlyCount "76"]
[EventDate "2008.08.22"]
[EventType "swiss"]
[EventRounds "9"]
[EventCountry "HUN"]
[SourceTitle "EXT 2011"]
[Source "ChessBase"]
[SourceDate "2010.11.26"]
[SourceVersion "1"]
[SourceVersionDate "2010.11.26"]
[SourceQuality "1"]

1. d4 Nf6 2. Nc3 d5 3. Bg5 Nbd7 4. Nf3 h6 5. Bh4 e6 6. e3 Be7 7. Bd3 0-0 8. 0-0 c5 9. dxc5 Nxc5 10. Qe2 Nfe4 11. Bxe7 Qxe7 12. Nb1 b6 13. Rd1 e5 14. Bxe4 dxe4 15. Nfd2 Qg5 16. Qe1 Bg4 17. Rc1 f5 18. Nc3 Rfd8 19. Kh1 Rd7 20. Ncb1 Rad8 21. h3 Bh5 22. a4 Qh4 23. Kg1 f4 24. exf4 exf4 25. Ra3 f3 26. a5 Qg5 27. g3 Rxd2 28. Nxd2 Rxd2 29. Re3 Qd5 30. b4 Na4 31. c4 Qd7 32. Rxe4 Nc3 33. Rxc3 Rd1 34. g4 Rxe1+ 35. Rxe1 Bxg4 36. axb6 axb6 37. c5 Bh5 38. Kh2 Qd2 0-1

[Event "HUN-chT2 Charousek 0708"]
[Site "Hungary"]
[Date "2008.02.17"]
[Round "6"]
[White "Lukacs, Daniel"]
[Black "Konig, Balazs"]
[Result "1-0"]
[WhiteElo "2067"]
[BlackElo "2215"]
[PlyCount "79"]
[EventDate "2007.10.14"]
[EventType "team"]
[EventRounds "11"]
[EventCountry "HUN"]
[SourceTitle "EXT 2009"]
[Source "ChessBase"]
[SourceDate "2008.11.26"]
[SourceVersion "1"]
[SourceVersionDate "2008.11.26"]
[SourceQuality "1"]
[WhiteTeam "Husi"]
[BlackTeam "Pannonpower"]
[WhiteTeamCountry "HUN"]
[BlackTeamCountry "HUN"]

1. e4 g6 2. d4 Bg7 3. Nc3 d6 4. Be2 Nf6 5. Be3 0-0 6. g4 e5 7. d5 Ne8 8. h4 f5 9. gxf5 gxf5 10. exf5 Bxf5 11. Qd2 Nd7 12. Nf3 Nc5 13. Ng5 Nf6 14. Rg1 Kh8 15. h5 Nfe4 16. Ngxe4 Nxe4 17. Nxe4 Bxe4 18. 0-0-0 Bf5 19. Rg3 Bf6 20. Bh6 Rg8 21. Rdg1 Qe7 22. Rxg8+ Rxg8 23. Rxg8+ Kxg8 24. Qe3 b6 25. Qg3+ Kh8 26. Kb1 e4 27. Bg4 Be5 28. Bf4 Bxg4 29. Qxg4 Bxf4 30. Qxf4 Kg7 31. h6+ Kg6 32. a3 a5 33. a4 Qe5 34. Qf8 Qf6 35. Qe8+ Kf5 36. Qd7+ Ke5 37. Qxh7 Qxf2 38. Qxc7 e3 39. h7 Qf6 40. Qc3+ 1-0

[Event "HUN-chT2 Maroczy 0607"]
[Site "Hungary"]
[Date "2007.03.25"]
[Round "7"]
[White "Demeter, Istvan"]
[Black "Lukacs, Daniel"]
[Result "1/2-1/2"]
[WhiteElo "2111"]
[BlackElo "2065"]
[PlyCount "22"]
[EventDate "2006.11.12"]
[EventType "team"]
[EventRounds "11"]
[EventCountry "HUN"]
[SourceTitle "EXT 2008"]
[Source "ChessBase"]
[SourceDate "2007.11.25"]
[SourceVersion "1"]
[SourceVersionDate "2007.11.25"]
[SourceQuality "1"]
[WhiteTeam "Matra"]
[BlackTeam "Husi"]
[WhiteTeamCountry "HUN"]
[BlackTeamCountry "HUN"]

1. Nf3 Nf6 2. g3 g6 3. Bg2 Bg7 4. 0-0 0-0 5. d3 c5 6. c3 Nc6 7. e4 Qc7 8. Qc2 d5 9. Bg5 dxe4 10. dxe4 Rd8 11. Nbd2 h6 1/2-1/2

[Event "HUN-chT2 Maroczy 0607"]
[Site "Hungary"]
[Date "2006.11.12"]
[Round "1"]
[White "Lukacs, Daniel"]
[Black "Antal, Laszlo"]
[Result "1/2-1/2"]
[WhiteElo "2065"]
[BlackElo "2215"]
[PlyCount "29"]
[EventDate "2006.11.12"]
[EventType "team"]
[EventRounds "11"]
[EventCountry "HUN"]
[SourceTitle "EXT 2008"]
[Source "ChessBase"]
[SourceDate "2007.11.25"]
[SourceVersion "1"]
[SourceVersionDate "2007.11.25"]
[SourceQuality "1"]
[WhiteTeam "Husi"]
[BlackTeam "Fuzesabony"]
[WhiteTeamCountry "HUN"]
[BlackTeamCountry "HUN"]

1. d4 f5 2. Nf3 Nf6 3. g3 g6 4. Bg2 Bg7 5. 0-0 0-0 6. c4 d6 7. Nc3 Nc6 8. d5 Na5 9. Nd2 c5 10. Rb1 e5 11. dxe6 Bxe6 12. Nd5 Nc6 13. Nf3 Ne4 14. Nd2 Nf6 15. Nf3 1/2-1/2

[Event "Balatonlelle op-B"]
[Site "Balatonlelle"]
[Date "2006.06.21"]
[Round "5.13"]
[White "Haszon, David"]
[Black "Lukacs, Daniel"]
[Result "0-1"]
[WhiteElo "1819"]
[BlackElo "1989"]
[PlyCount "68"]
[EventDate "2006.06.17"]
[EventType "swiss"]
[EventRounds "9"]
[EventCountry "HUN"]
[SourceTitle "EXT 2007"]
[Source "ChessBase"]
[SourceDate "2006.11.23"]
[SourceVersion "1"]
[SourceVersionDate "2006.11.23"]
[SourceQuality "1"]

1. e4 c5 2. Nf3 e6 3. d4 cxd4 4. Nxd4 Nc6 5. Nc3 a6 6. Be3 Qc7 7. Qd2 Nf6 8. f3 b5 9. 0-0-0 Ne5 10. Bf4 b4 11. Ndb5 axb5 12. Nxb5 Qc5 13. Be3 Qc6 14. Qd4 b3 15. axb3 Ra1+ 16. Kd2 Rxd1+ 17. Kxd1 Ng6 18. Na7 Qa8 19. Nb5 Qa1+ 20. Kd2 Qa5+ 21. c3 Be7 22. g4 0-0 23. h4 e5 24. Qa4 Qd8 25. g5 Nh5 26. Bc4 Bb7 27. Rd1 Nxh4 28. g6 Nxf3+ 29. Ke2 Bxe4 30. Bxf7+ Kh8 31. Bf2 Nf4+ 32. Ke3 Bc6 33. Qa7 Qb8 34. c4 Qxa7+ 0-1

[Event "Balatonlelle op-B"]
[Site "Balatonlelle"]
[Date "2006.06.20"]
[Round "4.16"]
[White "Lukacs, Daniel"]
[Black "Eltigani, Omar"]
[Result "1-0"]
[WhiteElo "1989"]
[BlackElo "1808"]
[PlyCount "109"]
[EventDate "2006.06.17"]
[EventType "swiss"]
[EventRounds "9"]
[EventCountry "HUN"]
[SourceTitle "EXT 2007"]
[Source "ChessBase"]
[SourceDate "2006.11.23"]
[SourceVersion "1"]
[SourceVersionDate "2006.11.23"]
[SourceQuality "1"]

1. Nf3 e6 2. c4 d5 3. d4 c5 4. e3 Nf6 5. cxd5 Qxd5 6. Nc3 Qd8 7. Be2 Be7 8. 0-0 0-0 9. h3 Nc6 10. a3 a6 11. Bd3 b5 12. dxc5 Bxc5 13. Qe2 Qe7 14. b4 Bb6 15. Bb2 Bb7 16. Rac1 e5 17. Nd2 Rfd8 18. Nde4 Ne8 19. Ng3 g6 20. Bb1 Na7 21. Ba2 Ng7 22. Nce4 Rac8 23. Rxc8 Nxc8 24. Rc1 h5 25. Nc5 Ba8 26. Nxa6 Qb7 27. e4 Qxa6 28. Bxe5 Qxa3 29. Bxf7+ Kxf7 30. Ra1 Qxb4 31. Rxa8 Ne7 32. Qf3+ Kg8 33. Qf6 Ne8 34. Qe6+ Kf8 35. Rxd8 Bxd8 36. Bf4 Qc3 37. Bh6+ Ng7 38. e5 Qc6 39. Qf6+ Qxf6 40. exf6 b4 41. Bxg7+ Kf7 42. fxe7 Bxe7 43. Bb2 Bf6 44. Bxf6 Kxf6 45. Ne4+ Ke5 46. Nd2 Kd4 47. Kf1 Kc3 48. Ke2 b3 49. Nxb3 Kxb3 50. Ke3 Kc3 51. Kf4 Kd3 52. g4 h4 53. Kg5 Ke2 54. Kxh4 Kf3 55. Kg5 1-0

[Event "HUN-chT2 Breyer 0506"]
[Site "Hungary"]
[Date "2006.03.19"]
[Round "9"]
[White "Lukacs, Daniel"]
[Black "Horvath, Csaba2222"]
[Result "0-1"]
[WhiteElo "2031"]
[BlackElo "2191"]
[PlyCount "70"]
[EventDate "2005.10.16"]
[EventType "team"]
[EventRounds "11"]
[EventCountry "HUN"]
[SourceTitle "EXT 2009"]
[Source "ChessBase"]
[SourceDate "2008.11.26"]
[SourceVersion "1"]
[SourceVersionDate "2008.11.26"]
[SourceQuality "1"]
[WhiteTeam "Husi II"]
[BlackTeam "Geniusz Tata"]
[WhiteTeamCountry "HUN"]
[BlackTeamCountry "HUN"]

1. d4 d5 2. Bf4 g6 3. e3 Bg7 4. Nf3 Nf6 5. h3 0-0 6. Bd3 c5 7. c3 cxd4 8. exd4 Nc6 9. 0-0 Nh5 10. Bh2 Bh6 11. Nbd2 Bf4 12. Re1 Qd6 13. Nf1 f6 14. Bxf4 Nxf4 15. Bc2 e5 16. dxe5 fxe5 17. c4 d4 18. Ng3 Bf5 19. Bxf5 gxf5 20. Nh4 Ne7 21. Nf3 Neg6 22. Qb3 Qc6 23. Kh2 Nxg2 24. Rg1 N2f4 25. Nxe5 Nxe5 26. Nxf5+ Kh8 27. Nxd4 Qe4 28. Qc3 Qd3 29. Rac1 Qxc3 30. Rxc3 Nfd3 31. b3 Rxf2+ 32. Rg2 Raf8 33. Rc2 Nf3+ 34. Nxf3 R8xf3 35. Kg1 Rf1+ 0-1

[Event "HUN-chT2 Breyer 0506"]
[Site "Hungary"]
[Date "2005.11.27"]
[Round "4"]
[White "Balazs, Andras"]
[Black "Lukacs, Daniel"]
[Result "1/2-1/2"]
[WhiteElo "2077"]
[BlackElo "2031"]
[PlyCount "32"]
[EventDate "2005.10.16"]
[EventType "team"]
[EventRounds "11"]
[EventCountry "HUN"]
[SourceTitle "EXT 2009"]
[Source "ChessBase"]
[SourceDate "2008.11.26"]
[SourceVersion "1"]
[SourceVersionDate "2008.11.26"]
[SourceQuality "1"]
[WhiteTeam "Zoltek"]
[BlackTeam "Husi II"]
[WhiteTeamCountry "HUN"]
[BlackTeamCountry "HUN"]

1. e4 c5 2. Nf3 d6 3. Bc4 Nc6 4. d4 cxd4 5. Nxd4 Nf6 6. Nc3 e6 7. 0-0 a6 8. a4 Qc7 9. Bb3 Bd7 10. Be3 Na5 11. f3 Nxb3 12. Nxb3 b6 13. Qe1 Bc6 14. Qf2 Rb8 15. Rfd1 Be7 16. Qe2 Qb7 1/2-1/2

[Event "HUN-chT2 Breyer 0506"]
[Site "Hungary"]
[Date "2005.11.13"]
[Round "3"]
[White "Revesz, Zoltan"]
[Black "Lukacs, Daniel"]
[Result "1/2-1/2"]
[WhiteElo "2170"]
[BlackElo "2031"]
[PlyCount "62"]
[EventDate "2005.10.16"]
[EventType "team"]
[EventRounds "11"]
[EventCountry "HUN"]
[SourceTitle "EXT 2009"]
[Source "ChessBase"]
[SourceDate "2008.11.26"]
[SourceVersion "1"]
[SourceVersionDate "2008.11.26"]
[SourceQuality "1"]
[WhiteTeam "Barcza"]
[BlackTeam "Husi II"]
[WhiteTeamCountry "HUN"]
[BlackTeamCountry "HUN"]

1. e4 c5 2. c3 Nf6 3. e5 Nd5 4. Nf3 Nc6 5. Bc4 Nc7 6. d4 cxd4 7. cxd4 d5 8. exd6 Qxd6 9. Nc3 Bf5 10. 0-0 e6 11. Re1 Be7 12. a3 0-0 13. Be3 Rfd8 14. Qe2 Rac8 15. h3 Bf6 16. Rad1 Bg6 17. d5 exd5 18. Nxd5 Nxd5 19. Bxd5 Qb8 20. g3 Re8 21. Qb5 a6 22. Qb6 Qc7 23. Qxc7 Rxc7 24. Bf4 Rce7 25. Rxe7 Nxe7 26. Bxb7 Bxb2 27. a4 a5 28. Rd6 Bf5 29. Bd2 Bc2 30. Bxa5 Bxa4 31. Bb4 Ng6 1/2-1/2

[Event "HUN-chT2 Breyer 0506"]
[Site "Hungary"]
[Date "2005.10.30"]
[Round "2"]
[White "Lukacs, Daniel"]
[Black "Balvanyos, Istvan"]
[Result "1-0"]
[WhiteElo "2031"]
[BlackElo "2111"]
[PlyCount "131"]
[EventDate "2005.10.16"]
[EventType "team"]
[EventRounds "11"]
[EventCountry "HUN"]
[SourceTitle "EXT 2009"]
[Source "ChessBase"]
[SourceDate "2008.11.26"]
[SourceVersion "1"]
[SourceVersionDate "2008.11.26"]
[SourceQuality "1"]
[WhiteTeam "Husi II"]
[BlackTeam "Turul"]
[WhiteTeamCountry "HUN"]
[BlackTeamCountry "HUN"]

1. d4 Nf6 2. c4 g6 3. Nc3 Bg7 4. e4 d6 5. f3 0-0 6. Be3 c6 7. Qd2 e5 8. d5 cxd5 9. cxd5 b6 10. Bd3 Ba6 11. Nge2 Bxd3 12. Qxd3 Nbd7 13. 0-0 Nh5 14. g4 Nf4 15. Nxf4 exf4 16. Bxf4 Ne5 17. Qe2 f5 18. exf5 gxf5 19. g5 Kh8 20. h4 Ng6 21. Bg3 f4 22. Bf2 Re8 23. Ne4 Qd7 24. Kg2 Re7 25. h5 Rxe4 26. Qxe4 Re8 27. Qc2 Re5 28. Rh1 Rxg5+ 29. Kf1 Ne7 30. h6 Be5 31. Qc4 Bxb2 32. Bd4+ Bxd4 33. Qxd4+ Kg8 34. Rg1 Rxg1+ 35. Kxg1 Nf5 36. Qxf4 Qf7 37. Qg5+ Qg6 38. Qxg6+ hxg6 39. Rc1 Kh7 40. Rc7+ Kxh6 41. Rxa7 Ne3 42. Rd7 Nxd5 43. Rxd6 Nc3 44. Rd2 Kg5 45. Kf2 Kf4 46. Rc2 Nd5 47. Rc4+ Ke5 48. Re4+ Kf6 49. Rc4 Ke5 50. Kg3 b5 51. Rc5 b4 52. Kg4 Kd4 53. Rc6 Nc3 54. Ra6 Ke3 55. a3 bxa3 56. Rxa3 Kd4 57. Ra6 Nd5 58. Rxg6 Ne3+ 59. Kg5 Kd5 60. f4 Nc4 61. f5 Nd2 62. f6 Ke6 63. Rh6 Kf7 64. Rh7+ Kf8 65. Kg6 Nf3 66. Rh8# 1-0

[Event "HUN-chT2 Breyer 0506"]
[Site "Hungary"]
[Date "2005.10.16"]
[Round "1"]
[White "Lukacs, Daniel"]
[Black "Huszar, Richard"]
[Result "1-0"]
[WhiteElo "2031"]
[BlackElo "1962"]
[PlyCount "63"]
[EventDate "2005.10.16"]
[EventType "team"]
[EventRounds "11"]
[EventCountry "HUN"]
[SourceTitle "EXT 2009"]
[Source "ChessBase"]
[SourceDate "2008.11.26"]
[SourceVersion "1"]
[SourceVersionDate "2008.11.26"]
[SourceQuality "1"]
[WhiteTeam "Husi II"]
[BlackTeam "Kisber Aszar"]
[WhiteTeamCountry "HUN"]
[BlackTeamCountry "HUN"]

1. Nf3 Nf6 2. c4 e6 3. d4 d5 4. Nc3 b6 5. g3 Bb7 6. Bg2 Ne4 7. 0-0 Bd6 8. Nxe4 dxe4 9. Ng5 f5 10. Nxe6 Qe7 11. d5 c5 12. f3 exf3 13. exf3 Kd7 14. Bg5 Qf7 15. Bf4 Bxf4 16. Nxf4 g5 17. Ne6 h6 18. Qd3 Na6 19. Bh3 Nb4 20. Qxf5 Qxf5 21. Bxf5 Kd6 22. a3 Na6 23. Rfe1 Rhg8 24. Bh7 Rh8 25. Bd3 Rhg8 26. f4 gxf4 27. Nxf4 Nc7 28. Ne2 b5 29. b3 bxc4 30. bxc4 Ne8 31. Nc3 Nf6 32. Re6+ 1-0

[Event "Balaton Cup"]
[Site "Balaton"]
[Date "2005.08.22"]
[Round "1"]
[White "Lukacs, Daniel"]
[Black "Borocz, Istvan"]
[Result "0-1"]
[WhiteElo "2031"]
[BlackElo "2364"]
[PlyCount "80"]
[EventDate "2005.08.22"]
[EventType "swiss"]
[EventRounds "9"]
[EventCountry "HUN"]
[SourceTitle "EXT 2008"]
[Source "ChessBase"]
[SourceDate "2007.11.25"]
[SourceVersion "1"]
[SourceVersionDate "2007.11.25"]
[SourceQuality "1"]

1. d4 Nf6 2. Nf3 g6 3. c4 Bg7 4. Nc3 0-0 5. e4 d6 6. Be2 e5 7. Bg5 Qe8 8. Bxf6 Bxf6 9. d5 Nd7 10. Nd2 Bg5 11. h4 Bh6 12. h5 Kg7 13. Qc2 Nf6 14. 0-0-0 c6 15. Kb1 Bd7 16. Rdg1 cxd5 17. Nxd5 Nxd5 18. cxd5 Rc8 19. Qd3 a6 20. Nb3 Qd8 21. g4 Bg5 22. Qf3 a5 23. Nc1 Ba4 24. Bd3 Qc7 25. Ne2 Bc2+ 26. Ka1 Bxd3 27. Qxd3 Qc2 28. Qf3 Rc4 29. hxg6 hxg6 30. Nc3 b5 31. Qh3 Rb4 32. Rb1 a4 33. Qh7+ Kf6 34. f4 Bxf4 35. Qh4+ g5 36. Qh6+ Ke7 37. a3 Rb3 38. Rh3 Rc8 39. Qg7 Bc1 40. Nxa4 Rxh3 0-1

[Event "HUN-ch U16"]
[Site "Balatonlelle"]
[Date "2005.07.04"]
[Round "6"]
[White "Martin, Bela"]
[Black "Lukacs, Daniel"]
[Result "1/2-1/2"]
[WhiteElo "1951"]
[BlackElo "2031"]
[PlyCount "120"]
[EventDate "2005.06.29"]
[EventType "swiss"]
[EventRounds "9"]
[EventCountry "HUN"]
[SourceTitle "EXT 2008"]
[Source "ChessBase"]
[SourceDate "2007.11.25"]
[SourceVersion "1"]
[SourceVersionDate "2007.11.25"]
[SourceQuality "1"]

1. e4 e6 2. d4 d5 3. Nc3 dxe4 4. Nxe4 Nd7 5. Nf3 Ngf6 6. Bg5 h6 7. Bxf6 Nxf6 8. Bd3 Be7 9. Qd2 c6 10. c3 Qd5 11. Nxf6+ gxf6 12. c4 Qd8 13. 0-0-0 Qc7 14. Kb1 Bd7 15. Rhe1 0-0-0 16. Rc1 Kb8 17. c5 Ka8 18. Rc3 Rdg8 19. g3 Rb8 20. Ra3 b6 21. Rc1 e5 22. cxb6 Rxb6 23. Ra6 Rhb8 24. Rxb6 Rxb6 25. Qe2 Bd6 26. Bc4 Bg4 27. h3 Bxh3 28. dxe5 fxe5 29. Rh1 Bg4 30. Rxh6 f5 31. Qe3 f4 32. gxf4 exf4 33. Qd4 Ba3 34. Bb3 Bxf3 35. bxa3 Bd5 36. Qc3 Qf7 37. Rf6 Qg7 38. Kb2 Qg4 39. Qd2 f3 40. Rf4 Qg7+ 41. Qc3 Qg1 42. Qd2 Qf1 43. Rb4 Qe2 44. Kc2 Be4+ 45. Kc3 Rxb4 46. axb4 Qxd2+ 47. Kxd2 Kb7 48. Ke3 Bg6 49. Kxf3 Kb6 50. Kg4 a5 51. bxa5+ Kxa5 52. f4 Kb4 53. f5 Be8 54. f6 c5 55. f7 Bxf7 56. Bxf7 c4 57. Kf3 c3 58. Ke2 Ka3 59. Kd1 Kb2 60. Bb3 c2+ 1/2-1/2